Jurassic World: Camp Cretaceous Villains - Statistics

General Stats
  • This quiz has been taken 60 times
  • The average score is 4 of 7
Answer Stats
Hint Answer % Correct
Season Two Mitch
89%
Tiff
85%
Season One Indominus Rex
80%
Season 5 Daniel Kon
78%
Season Three Scorpios Rex / E750
57%
Hidden Adventure Tarbosaurus
33%
Season Four Kash Langford
22%
No matching quizzes found
Score Distribution
Percent of People with Each Score
Percentile by Number Answered
Your Score History
You have not taken this quiz